|
|
|
|
| LEADER |
00000cam a2200000 7i4500 |
| 001 |
0000002543 |
| 005 |
20160330.0 |
| 008 |
070712 |
| 020 |
|
|
|a 0060088079
|
| 090 |
0 |
0 |
|a STI
|b ENG (7832)
|
| 100 |
1 |
|
|a Stine, Megan
|
| 245 |
1 |
0 |
|a Tell me about it
|c by Megan Stine;based on the teleplay by Michael Baser and Frank Dungan
|
| 260 |
|
|
|a New York :
|b Harper Entertainment ,
|c 2002
|
| 440 |
|
|
|a So little time
|
| 500 |
|
|
|a Teenager ages 13-18 years old (blue)
|
| 650 |
|
0 |
|a English fiction
|
| 650 |
|
0 |
|a Television and teenagers
|
| 700 |
0 |
|
|a Baser, Michael
|
| 700 |
0 |
|
|a Dungan, Frank
|
| 999 |
|
|
|a 0000961800
|b Book
|c Teenagers
|e Perbadanan Perpustakaan Awam Johor
|
| 999 |
|
|
|a 0000961801
|b Book
|c Teenagers
|e Perbadanan Perpustakaan Awam Johor
|